00743 2200253 4500001002100000005001500021035002000036007000300056008004100059020002200100082001000122084001600132100002400148245009800172250001600270260003400286300003400320650003300354700002500387700002600412504002900438990001100467990001100478INLIS00000000000468020191217110930 a0010-1219000132ta191217 g 0 ind  a978-602-271-084-4 a612.6 a612.6 SUR k0 aSURYA, I Gusti Putu1 aKehamilan dengan Hepatitis B /cI Gusti Putu Surya, Ryansaktika Mulyana, Endang Sri Widiyanti aed.1, cet.1 aJakarta :bSagung Seto,c2017 axii, 113 hlm :bilus ;c21 cm 4aFISIOLOGI MANUSIA. KEHAMILAN0 aRYANSAKTIKA, Mulyana0 aENDANG, Sri Widiyanti aBibliografi.: hlm 85-113 a7248 a a7248 b